| 000 | 00633 a2200193 4500 | ||
|---|---|---|---|
| 000 | BKB | ||
| 001 | 141093 | ||
| 005 | 20200902165459.0 | ||
| 008 | |||
| 020 | _a9780521767262 | ||
| 082 |
_a530.12 _bO11R |
||
| 100 | 1 | _aOhlsson, Tommy | |
| 245 | 1 |
_aRelativistic quantum physics : from advanced quantum mechanics to introductory quantum field theory _cby Tommy Ohlsson |
|
| 260 |
_aCambridge _bCambridge University Press _c2011 |
||
| 300 | _a297p. | ||
| 630 | _aPhysics | ||
| 690 | _aQuantum theory; Quantum field theory; Relativistic quantum theory | ||
| 964 |
_a _bENG _c _d _e _f _g |
||
| 999 |
_c21146 _d21146 |
||